[Event "Koge Xtracon op"]
[Site "Koge"]
[Date "2015.10.14"]
[Round "3"]
[White "Martinez Vestergard, Kristian"]
[Black "Pedersen, Hans Dahl"]
[Result "0-1"]
[WhiteElo "1891"]
[BlackElo "2187"]
[PlyCount "130"]
[EventDate "2015.10.12"]
[EventType "swiss"]
[EventRounds "9"]
[EventCountry "DEN"]
[SourceTitle "CBM 168 Extra"]
[Source "ChessBase"]
[SourceDate "2015.10.29"]
[SourceVersion "1"]
[SourceVersionDate "2015.10.29"]
[SourceQuality "1"]

1. e4 c5 2. Nf3 e6 3. d4 cxd4 4. Nxd4 a6 5. Bd3 Bc5 6. Nb3 Be7 7. 0-0 Qc7 8. Qe2 d6 9. c4 Nf6 10. Nc3 0-0 11. Be3 Nbd7 12. f4 b6 13. g4 Nc5 14. Nxc5 bxc5 15. g5 Nd7 16. Rf3 Bb7 17. Rh3 g6 18. Qf2 f5 19. exf5 exf5 20. Be2 Nb6 21. Rd1 Rfe8 22. b3 Bf8 23. Bc1 Bg7 24. Rdd3 Re7 25. Bf3 Bxf3 26. Qxf3 Rae8 27. Nd5 Re1+ 28. Kg2 Nxd5 29. Qxd5+ Qf7 30. Qxf7+ Kxf7 31. Bd2 R1e2+ 32. Kf3 Bd4 33. Kg3 Kg8 34. a4 a5 35. Bxa5 Rb2 36. Rd2 Rxb3+ 37. Kg2 Rxh3 38. Kxh3 Ra8 39. Bc7 Rxa4 40. Bxd6 Rxc4 41. Ra2 Kf7 42. Ra7+ Ke6 43. Bf8 Rc3+ 44. Kg2 Rc2+ 45. Kg3 Rc3+ 46. Kg2 Be3 47. Kf3 Bc1+ 48. Kg2 Bxf4 49. Re7+ Kd5 50. h4 Be5 51. Rxe5+ Kxe5 52. Bg7+ Ke4 53. Bxc3 Kd3 54. Ba5 Ke2 55. Kg1 c4 56. Bc7 c3 57. Bf4 c2 58. Kg2 Kd1 59. Kf3 c1Q 60. Bxc1 Kxc1 61. Ke2 Kc2 62. Ke3 Kc3 63. Kf3 Kd3 64. Kg3 Ke3 65. h5 f4+ 0-1

[Event "Politiken Cup 35th"]
[Site "Helsingor"]
[Date "2013.07.27"]
[Round "1"]
[White "Martinez Vestergard, Kristian"]
[Black "Schou Moldt, Thomas"]
[Result "0-1"]
[WhiteElo "1809"]
[BlackElo "2202"]
[PlyCount "64"]
[EventDate "2013.07.27"]
[EventType "swiss"]
[EventRounds "10"]
[EventCountry "DEN"]
[SourceTitle "CBM 155 Extra"]
[Source "ChessBase"]
[SourceDate "2013.08.26"]
[SourceVersion "1"]
[SourceVersionDate "2013.08.26"]
[SourceQuality "1"]

1. e4 d6 2. d4 g6 3. f4 Bg7 4. Nf3 Nf6 5. Nc3 0-0 6. Bd3 Nc6 7. 0-0 e5 8. dxe5 dxe5 9. f5 Nb4 10. fxg6 hxg6 11. Bg5 Nxd3 12. cxd3 Qd6 13. d4 Nh7 14. Bh4 Bg4 15. Nd5 Rae8 16. Be1 exd4 17. Qc2 c5 18. Bg3 Qc6 19. Rad1 Bxf3 20. gxf3 Nf6 21. Nf4 Nd7 22. h4 Be5 23. Ne2 Nf6 24. f4 Bb8 25. e5 Ng4 26. Bf2 f5 27. Qb3+ c4 28. Qh3 d3 29. Ng3 Rf7 30. Bd4 Rd8 31. Bc3 a6 32. a3 Ba7+ 0-1